Online
Catalog

Sociedad 3 : (Record no. 12578)

MARC details
000 -CABECERA
campo de control de longitud fija 01230nam a2200277 a 4500
001 - NÚMERO DE CONTROL
campo de control 000012930
005 - FECHA Y HORA DE LA ÚLTIMA TRANSACCIÓN
campo de control 20240306073902.0
008 - DATOS DE LONGITUD FIJA--INFORMACIÓN GENERAL
campo de control de longitud fija 091118s2001 dr abc 000 0 spa d
020 ## - NÚMERO INTERNACIONAL ESTÁNDAR DEL LIBRO
Número Internacional Estándar del Libro 8482613642
040 ## - FUENTE DE LA CATALOGACIÓN
Centro catalogador/agencia de origen DO-SdBNP
Lengua de catalogación spa
Centro/agencia transcriptor BNPHU
082 ## - NÚMERO DE LA CLASIFICACIÓN DECIMAL DEWEY
Número de clasificación 372.83
Número de documento/Ítem S678
049 ## - FONDOS LOCALES (OCLC)
Fondos de biblioteca BNPD
245 00 - MENCIÓN DE TÍTULO
Título Sociedad 3 :
Resto del título historia y geografía de la República Dominicana /
Mención de responsabilidad, etc. dirección editorial Obdulia García de Escobar ; ilustración Ruddy Núñez ; editora Margarita Castro Catrain.
260 ## - PUBLICACIÓN, DISTRIBUCIÓN, ETC.
Lugar de publicación, distribución, etc. Santo Domingo :
Nombre del editor, distribuidor, etc. Santillana,
Fecha de publicación, distribución, etc. 2001.
300 ## - DESCRIPCIÓN FÍSICA
Extensión 255 p. :
Otras características físicas il., maps., retrs. ;
Dimensiones 28 cm.
490 1# - MENCIÓN DE SERIE
Mención de serie Umbral
500 ## - NOTA GENERAL
Nota general Tercero de bachillerato. 1er. curso / Segundo ciclo
505 1# - NOTA DE CONTENIDO CON FORMATO
Nota de contenido con formato La colonización en la isla de Santo Domingo -- Emancipación y vida republicana -- La formación del Estado moderno -- La primera mitad del siglo XX -- Descubre nuestro país...
650 #4 - PUNTO DE ACCESO ADICIONAL DE MATERIA--TÉRMINO DE MATERIA
Término de materia o nombre geográfico como elemento de entrada Historia dominicana
Subdivisión general Enseñanza secundaria
9 (RLIN) 29823
650 #4 - PUNTO DE ACCESO ADICIONAL DE MATERIA--TÉRMINO DE MATERIA
Término de materia o nombre geográfico como elemento de entrada Historia
Subdivisión general Libro de texto
9 (RLIN) 29824
650 #4 - PUNTO DE ACCESO ADICIONAL DE MATERIA--TÉRMINO DE MATERIA
Término de materia o nombre geográfico como elemento de entrada Ciencias sociales
Subdivisión general Enseñanza secundaria
9 (RLIN) 29825
700 1# - PUNTO DE ACCESO ADICIONAL--NOMBRE DE PERSONA
Nombre de persona García Escobar, Obdulia de
Término indicativo de función/relación dir. ed.
9 (RLIN) 29220
700 1# - PUNTO DE ACCESO ADICIONAL--NOMBRE DE PERSONA
Nombre de persona Núñez, Ruddy,
Término indicativo de función/relación il.
9 (RLIN) 23171
700 1# - PUNTO DE ACCESO ADICIONAL--NOMBRE DE PERSONA
Nombre de persona Castro Catrain, Margarita,
Término indicativo de función/relación ed.
9 (RLIN) 29221
830 #0 - PUNTO DE ACCESO ADICIONAL DE SERIE-TÍTULO UNIFORME
Título uniforme Umbral
9 (RLIN) 29222
Holdings
Estado de retiro Estado de pérdida No para préstamo Código de colección Localización permanente Ubicación/localización actual Ubicación en estantería Fecha de adquisición Número de inventario Total de préstamos Signatura topográfica completa Código de barras Fecha visto por última vez Precio válido a partir de Tipo de ítem Koha
    Excluido de préstamo Patrimonio Dominicano Patrimonio Dominicano Patrimonio Dominicano En catalogación 18.11.2009 LF1   372.83 S678 12930-10 25.06.2020 25.06.2020 Libro y Folleto Colección Patrimonio Dominicano

Powered by Koha